Loading...
| Auditory Arts | 4 | 22.50 | 100% | 100% | 25% |
| Beliefs | 4 | 15.00 | 100% | 50% | 0% |
| Current Events | 2 | 10.00 | 100% | 0% | 0% |
| Fine Arts - Other Arts | 6 | 18.33 | 100% | 83% | 0% |
| Geography | 1 | 20.00 | 100% | 100% | 0% |
| History - American History | 4 | 22.50 | 100% | 100% | 25% |
| History - European History | 5 | 16.00 | 100% | 40% | 20% |
| History - Other History | 3 | 16.67 | 100% | 67% | 0% |
| History - World History | 4 | 27.50 | 100% | 100% | 75% |
| Literature - American Literature | 4 | 25.00 | 100% | 100% | 50% |
| Literature - British Literature | 6 | 23.33 | 100% | 83% | 50% |
| Literature - European Literature | 5 | 24.00 | 100% | 100% | 40% |
| Literature - World Literature | 5 | 24.00 | 100% | 80% | 60% |
| Philosophy | 4 | 17.50 | 100% | 75% | 0% |
| Science - Biology | 2 | 15.00 | 100% | 50% | 0% |
| Science - Chemistry | 6 | 25.00 | 100% | 100% | 50% |
| Science - Other Science | 5 | 20.00 | 80% | 100% | 20% |
| Science - Physics | 5 | 20.00 | 100% | 80% | 20% |
| Social Science | 4 | 20.00 | 100% | 75% | 25% |
| Visual Arts | 6 | 18.33 | 100% | 50% | 33% |